Montessori Magazín
Record details
- Physical Description: 22 cm
- Publisher: [Praha]: Montessori ČR,z.s., 2017-
Content descriptions
| Source of Description Note: | Popsáno podle: 1/2017 |
Search for related items by subject
| Genre: | odborné časopisy |
Available copies
- 5 of 5 copies available at Common Catalog SPOK.
Holds
- 0 current holds with 5 total copies.
Show Only Available Copies
| Location | Call Number / Copy Notes | Part | Barcode | Shelving Location | Status | Due Date |
|---|---|---|---|---|---|---|
| Montessori Library | PER0058 | 2017/1 | 4614630058 | Chodba | Available | - |
| Montessori Library | PER0059 | 2017/1 | 4614630059 | Chodba | Available | - |
| Montessori Library | PER0060 | 2017/1 | 4614630060 | Chodba | Available | - |
| Montessori Library | PER0061 | 2017/1 | 4614630061 | Chodba | Available | - |
| Montessori Library | PER0062 | 2018/2 | 4614630062 | Chodba | Available | - |
| LDR | nas a22 i 4500 | ||
|---|---|---|---|
| 001 | 47041 | ||
| 003 | CZ-PrJAB | ||
| 005 | 20200817081742.0 | ||
| 007 | ta | ||
| 008 | c 2017xr r p 0 b0cze | ||
| 040 | . | ‡aABG312 ‡bcze ‡erda | |
| 072 | 7. | ‡a37.09 ‡xOrganizace výuky a vzdělávání ‡2Konspekt ‡922 | |
| 245 | 0 | 0. | ‡aMontessori Magazín |
| 264 | 1. | ‡a[Praha]: ‡bMontessori ČR,z.s., ‡c2017- | |
| 300 | . | ‡c22 cm | |
| 336 | . | ‡atext ‡btxt ‡2rdacontent | |
| 337 | . | ‡abez média ‡bn ‡2rdamedia | |
| 338 | . | ‡asvazek ‡bnc ‡2rdacarrier | |
| 588 | . | ‡aPopsáno podle: 1/2017 | |
| 653 | 0 | . | ‡aMontessori pedagogika ‡ahry ‡apříručky |
| 655 | 7. | ‡aodborné časopisy ‡7fd132951 ‡2czenas | |
| 910 | . | ‡aABG323 | |
| 901 | . | ‡a47041 ‡bCZ-PrJAB ‡c47041 ‡tbiblio | |